[Event "24th ch-EUR Indiv 2024"]
[Site "Petrovac MNE"]
[Date "2024.11.12"]
[Round "5.39"]
[White "Navara, David"]
[Black "Camlar, Arda"]
[Result "1/2-1/2"]
[WhiteTitle "GM"]
[BlackTitle "FM"]
[WhiteElo "2674"]
[BlackElo "2445"]
[WhiteFideId "309095"]
[BlackFideId "44576692"]
[EventDate "2024.11.08"]

1. e4 e5 2. Nf3 Nf6 3. Nxe5 d6 4. Nf3 Nxe4 5. d4 d5 6. Bd3 Bd6 7. O-O O-O 8. c4
c6 9. Qc2 h6 10. Nbd2 Nxd2 11. Bxd2 Bg4 12. c5 Bxf3 13. cxd6 Be4 14. Bxe4 dxe4
15. Bf4 Nd7 16. Qxe4 Nf6 17. Qf3 Nd5 18. Be5 Qd7 19. a4 Rae8 20. a5 a6 21. h3
Re6 22. Rae1 Qd8 23. Qb3 Qd7 24. f4 f5 25. Rc1 Kh7 26. Rfd1 Rg6 27. Rc5 Qe6 28.
Rxd5 cxd5 29. Qxb7 Rc8 30. Qb3 Qd7 31. Kh2 Rxd6 32. Bxd6 Qxd6 33. Qe3 Rb8 34.
Qe5 Qxe5 35. dxe5 Rb5 36. b4 Rxb4 37. Rxd5 Rxf4 38. Rd6 Re4 39. e6 Kg6 40. Rxa6
Kf6 41. Rb6 Ra4 42. a6 h5 43. Kg3 g5 44. Kf3 Ra3+ 45. Ke2 f4 46. e7+ Kxe7 47.
Rg6 g4 48. hxg4 hxg4 49. Rxg4 f3+ 50. gxf3 Rxa6 51. Re4+ Kf6 52. Ke3 1/2-1/2

[Event "24th ch-EUR Indiv 2024"]
[Site "Petrovac MNE"]
[Date "2024.11.12"]
[Round "5.40"]
[White "Bacrot, Etienne"]
[Black "Radovanovic, Nikola"]
[Result "1-0"]
[WhiteTitle "GM"]
[BlackTitle "IM"]
[WhiteElo "2653"]
[BlackElo "2443"]
[WhiteFideId "605506"]
[BlackFideId "900087"]
[EventDate "2024.11.08"]

1. d4 Nf6 2. c4 c5 3. d5 b5 4. cxb5 a6 5. e3 e6 6. dxe6 fxe6 7. Nc3 Be7 8. Nf3
d5 9. Be2 O-O 10. O-O axb5 11. Bxb5 Bb7 12. a4 Na6 13. b3 Nc7 14. Bb2 Bd6 15.
Ne2 Ng4 16. Ng3 e5 17. h3 e4 18. Ng5 Nxf2 19. Qh5 h6 20. N3xe4 Nxe4 21. Nxe4
dxe4 22. Rxf8+ Bxf8 23. Bc4+ Kh7 24. Rd1 Qe8 25. Qf5+ Kh8 26. Rd7 Bc8 27. Qf4
Qg6 28. Qxf8+ 1-0

[Event "24th ch-EUR Indiv 2024"]
[Site "Petrovac MNE"]
[Date "2024.11.12"]
[Round "5.41"]
[White "Kilic, Eray"]
[Black "Ponomariov, Ruslan"]
[Result "1/2-1/2"]
[WhiteTitle "IM"]
[BlackTitle "GM"]
[WhiteElo "2442"]
[BlackElo "2653"]
[WhiteFideId "44517173"]
[BlackFideId "14103320"]
[EventDate "2024.11.08"]

1. e4 c5 2. Nf3 Nc6 3. Bb5 Nf6 4. e5 Ng4 5. Bxc6 dxc6 6. Nc3 g6 7. O-O Bg7 8.
Re1 O-O 9. d3 Nh6 10. Ne4 b6 11. Bf4 Nf5 12. Qd2 f6 13. exf6 exf6 14. h4 a5 15.
c3 Ra7 16. Rad1 Rd7 17. Qc2 Kh8 18. Qa4 Ne7 19. d4 Nd5 20. Bh2 b5 21. Qc2 c4 22.
Re2 Re8 23. Rde1 Rde7 24. Nd6 Rxe2 25. Rxe2 Rxe2 26. Qxe2 Kg8 27. a4 Bf8 28.
axb5 Bxd6 29. Bxd6 cxb5 30. Bc5 Bf5 31. Nd2 Kf7 32. Qf3 h5 33. Nf1 Bg4 34. Qe4
Bf5 35. Qf3 Bg4 36. Qe4 Bf5 1/2-1/2

[Event "24th ch-EUR Indiv 2024"]
[Site "Petrovac MNE"]
[Date "2024.11.12"]
[Round "5.42"]
[White "Garcia Ramos, Daniel"]
[Black "Grandelius, Nils"]
[Result "0-1"]
[WhiteTitle "IM"]
[BlackTitle "GM"]
[WhiteElo "2437"]
[BlackElo "2645"]
[WhiteFideId "32010311"]
[BlackFideId "1710400"]
[EventDate "2024.11.08"]

1. e4 c5 2. Nf3 d6 3. d4 cxd4 4. Nxd4 Nf6 5. Nc3 a6 6. f3 e5 7. Nb3 Be6 8. Be3
Nbd7 9. Qd2 b5 10. O-O-O Nb6 11. Qf2 Rb8 12. Nc5 b4 13. Nb1 d5 14. Nxa6 d4 15.
Bxd4 exd4 16. Rxd4 Nfd7 17. Nxb8 Qxb8 18. Qg3 Qa7 19. Bb5 g6 20. f4 Bc5 21. Rd3
O-O 22. a3 bxa3 23. Nxa3 Nf6 24. Qe1 Rb8 25. f5 Bd7 26. Bxd7 Nbxd7 27. e5 Bd4
28. Nc4 Qc5 29. exf6 Qxc4 30. b3 Qa6 31. fxg6 hxg6 32. Kd2 Bxf6 33. Rd5 Rc8 34.
Qe4 Bc3+ 35. Kd1 Nf6 0-1

[Event "24th ch-EUR Indiv 2024"]
[Site "Petrovac MNE"]
[Date "2024.11.12"]
[Round "5.43"]
[White "Rodshtein, Maxim"]
[Black "Licznerski, Lukasz"]
[Result "1-0"]
[WhiteTitle "GM"]
[BlackTitle "IM"]
[WhiteElo "2636"]
[BlackElo "2422"]
[WhiteFideId "2806851"]
[BlackFideId "1179250"]
[EventDate "2024.11.08"]

1. e4 c6 2. d4 d5 3. e5 Bf5 4. Nd2 e6 5. Nb3 Ne7 6. Nf3 Nd7 7. Be2 Nc8 8. O-O
Be7 9. a4 O-O 10. Be3 Ncb6 11. Nfd2 a5 12. c3 Qc7 13. f4 f6 14. Kh1 fxe5 15.
dxe5 c5 16. Bb5 c4 17. Bxb6 Nxb6 18. Nd4 Bc5 19. N2f3 Qe7 20. Nxf5 Rxf5 21. g3
Nc8 22. b3 Na7 23. bxc4 Nxb5 24. cxb5 Rc8 25. Qd3 Bb6 26. Rfc1 Rc4 27. Nd2 Rc5
28. c4 g5 29. Rf1 dxc4 30. Nxc4 Rd5 31. Qe2 Bc5 32. Rad1 Qd7 33. Qf3 Rd4 34. Nd6
Rxd1 35. Rxd1 Bxd6 36. exd6 gxf4 37. gxf4 Kf8 38. Qc3 Ke8 39. Qxa5 Rxf4 40. Qa8+
Kf7 41. Rg1 1-0

[Event "24th ch-EUR Indiv 2024"]
[Site "Petrovac MNE"]
[Date "2024.11.12"]
[Round "5.44"]
[White "Culum, Sanjin"]
[Black "Suleymanli, Aydin"]
[Result "1/2-1/2"]
[WhiteTitle "FM"]
[BlackTitle "GM"]
[WhiteElo "2432"]
[BlackElo "2632"]
[WhiteFideId "14420937"]
[BlackFideId "13413937"]
[EventDate "2024.11.08"]

1. e4 e5 2. Nf3 Nc6 3. Bb5 a6 4. Ba4 Nf6 5. O-O Be7 6. Re1 b5 7. Bb3 O-O 8. a4
b4 9. d4 d6 10. dxe5 Nxe5 11. Nxe5 dxe5 12. Qe2 Bc5 13. Be3 Bd4 14. Bxd4 Qxd4
15. Rd1 Bg4 16. Rxd4 Bxe2 17. Rxb4 a5 18. Rb7 Rfc8 19. Ba2 Nxe4 20. Rb3 Bc4 21.
Re3 Bxa2 22. Rxe4 Bxb1 1/2-1/2

[Event "24th ch-EUR Indiv 2024"]
[Site "Petrovac MNE"]
[Date "2024.11.12"]
[Round "5.45"]
[White "Celik, Hasan Huseyin"]
[Black "Durarbayli, Vasif"]
[Result "1/2-1/2"]
[WhiteTitle "IM"]
[BlackTitle "GM"]
[WhiteElo "2431"]
[BlackElo "2626"]
[WhiteFideId "44506759"]
[BlackFideId "13402935"]
[EventDate "2024.11.08"]

1. d4 Nf6 2. c4 e6 3. Nf3 b6 4. g3 Bb7 5. Bg2 Bb4+ 6. Bd2 Bxd2+ 7. Qxd2 Qe7 8.
O-O d6 9. Nc3 Ne4 10. Nxe4 Bxe4 11. Ne1 Bxg2 12. Nxg2 O-O 13. e4 Nc6 14. Ne3
Rae8 15. f4 f5 16. d5 Nb8 17. exf5 exf5 18. Rae1 Qf6 19. Nd1 Nd7 20. Nc3 a6 21.
Kg2 Qg6 22. Rxe8 Rxe8 23. Re1 Nc5 24. Rxe8+ Qxe8 25. b4 Na4 26. Nxa4 Qxa4 27.
Qe2 Qd7 28. a4 Kf8 29. b5 a5 30. h3 Qf7 31. g4 h6 32. Kg3 g6 33. Qb2 Kg8 34. Qe2
Kg7 35. Qb2+ Kh7 36. Qe2 Kg7 37. Qb2+ Qf6 38. Qxf6+ Kxf6 39. h4 fxg4 40. Kxg4
h5+ 41. Kg3 1/2-1/2

[Event "24th ch-EUR Indiv 2024"]
[Site "Petrovac MNE"]
[Date "2024.11.12"]
[Round "5.46"]
[White "Lagarde, Maxime"]
[Black "Yaniv, Yuval"]
[Result "1-0"]
[WhiteTitle "GM"]
[BlackTitle "FM"]
[WhiteElo "2606"]
[BlackElo "2421"]
[WhiteFideId "662399"]
[BlackFideId "2823900"]
[EventDate "2024.11.08"]

1. d4 Nf6 2. Nf3 e6 3. Bg5 d5 4. Nbd2 Be7 5. e3 O-O 6. Bd3 Nbd7 7. h4 c5 8. c3
b6 9. Qb1 h6 10. Bf4 Bb7 11. Ne5 Nxe5 12. dxe5 Nd7 13. Nf3 f5 14. Qc2 Rf7 15.
Qe2 Nf8 16. O-O-O g5 17. hxg5 hxg5 18. g4 fxg4 19. Nxg5 Bxg5 20. Qxg4 Rg7 21.
Rdg1 d4 22. Bxg5 Qd7 23. Bf6 Rxg4 24. Rxg4+ Kf7 25. Rh8 1-0

[Event "24th ch-EUR Indiv 2024"]
[Site "Petrovac MNE"]
[Date "2024.11.12"]
[Round "5.47"]
[White "Pultinevicius, Paulius"]
[Black "Travadon, Loic"]
[Result "1/2-1/2"]
[WhiteTitle "GM"]
[BlackTitle "IM"]
[WhiteElo "2599"]
[BlackElo "2419"]
[WhiteFideId "12809390"]
[BlackFideId "26092131"]
[EventDate "2024.11.08"]

1. d4 Nf6 2. c4 e6 3. Nc3 Bb4 4. f3 c5 5. d5 b5 6. e4 O-O 7. e5 exd5 8. exf6 d4
9. a3 Ba5 10. b4 dxc3 11. bxa5 Qxf6 12. Ra2 b4 13. axb4 cxb4 14. Nh3 Nc6 15. Nf4
Re8+ 16. Kf2 b3 17. Re2 Rxe2+ 18. Qxe2 Ba6 19. Nd5 Qd4+ 20. Be3 Qxd5 21. cxd5
Bxe2 22. dxc6 Bxf1 23. Rxf1 c2 24. Bc1 dxc6 25. Re1 h6 26. Re3 Rb8 27. Bb2 Rb5
28. Ke2 c1=Q 29. Bxc1 b2 30. Bxb2 Rxb2+ 31. Kf1 Kf8 32. Rc3 Ra2 33. Rxc6 Rxa5
34. Rc7 Ra2 35. h4 g6 36. Kg1 a5 37. Ra7 Kg7 38. Ra6 a4 39. Kh2 Ra1 40. g4 a3
41. Kg3 Kf8 42. Ra7 Ke8 43. Kg2 a2 44. Ra3 g5 45. hxg5 hxg5 46. Ra4 Kd7 47. Ra3
Kd6 48. Ra4 Kd5 49. Ra3 Kd4 50. Ra8 1/2-1/2

[Event "24th ch-EUR Indiv 2024"]
[Site "Petrovac MNE"]
[Date "2024.11.12"]
[Round "5.48"]
[White "Tadic, Stefan"]
[Black "Vocaturo, Daniele"]
[Result "0-1"]
[WhiteTitle "IM"]
[BlackTitle "GM"]
[WhiteElo "2422"]
[BlackElo "2597"]
[WhiteFideId "958980"]
[BlackFideId "813192"]
[EventDate "2024.11.08"]

1. e4 c5 2. Nf3 d6 3. d4 cxd4 4. Nxd4 Nf6 5. Nc3 a6 6. Bd3 g6 7. f3 e5 8. Nb3
Be6 9. Be3 Nbd7 10. Qd2 Qc7 11. O-O Be7 12. Rfd1 O-O 13. Bf1 b5 14. a4 b4 15.
Nd5 Bxd5 16. exd5 Nb6 17. Bxb6 Qxb6+ 18. Qf2 Qxf2+ 19. Kxf2 Rfc8 20. Rac1 Nd7
21. c3 Bg5 22. Rc2 bxc3 23. Rxc3 Rxc3 24. bxc3 Nb6 25. c4 Nxa4 26. Ra1 Nc3 27.
c5 Rb8 28. Na5 dxc5 29. d6 e4 30. Nc4 e3+ 31. Nxe3 Rb2+ 32. Kg3 Bxe3 33. Rxa6
Rd2 34. Bc4 Rd4 35. Ra7 Rxc4 36. d7 Bg5 0-1

[Event "24th ch-EUR Indiv 2024"]
[Site "Petrovac MNE"]
[Date "2024.11.12"]
[Round "5.49"]
[White "Godena, Michele"]
[Black "Tomczak, Jacek"]
[Result "1-0"]
[WhiteTitle "GM"]
[BlackTitle "GM"]
[WhiteElo "2419"]
[BlackElo "2593"]
[WhiteFideId "800090"]
[BlackFideId "1124668"]
[EventDate "2024.11.08"]

1. e4 c5 2. c3 Nf6 3. e5 Nd5 4. Nf3 d6 5. d4 cxd4 6. cxd4 Nc6 7. Bc4 dxe5 8.
Bxd5 Qxd5 9. Nc3 Qd6 10. d5 Nb8 11. Qa4+ Bd7 12. Qb3 Na6 13. Qxb7 Rb8 14. Qxa7
g6 15. Nd2 Bg7 16. Nc4 Qb4 17. Qxa6 Bb5 18. Qa5 Qxc4 19. b3 Qd3 20. Nxb5 e4 21.
Nc7+ Kf8 22. Bh6 Bxh6 23. Rd1 Qc2 24. d6 exd6 25. O-O Qc6 26. Nd5 Kg7 27. Rd4
Ra8 28. Qe1 f5 29. Qd1 Ra5 30. Ne7 Qc3 31. Rc4 Qf6 32. Rc7 Kf8 33. Nd5 Qb2 34.
Nb6 Bf4 35. Nc4 Qc3 36. Rc8+ Kg7 37. Rxh8 Kxh8 38. Nxa5 Qxa5 39. Qc2 Kg7 40. g3
Be5 41. Rc1 Kh6 42. a4 Bd4 43. Rd1 Qe5 44. Qc1+ Kg7 45. Qf4 Qc5 46. Rc1 Qb6 47.
a5 Qxb3 48. Qxd6 Bxf2+ 49. Kf1 Qb5+ 50. Kg2 Bxg3 51. Rc7+ Kh6 52. Qxg3 Qe2+ 53.
Kh3 Qf1+ 54. Kh4 1-0

[Event "24th ch-EUR Indiv 2024"]
[Site "Petrovac MNE"]
[Date "2024.11.12"]
[Round "5.50"]
[White "Pasztor, Balazs"]
[Black "Piorun, Kacper"]
[Result "1/2-1/2"]
[WhiteTitle "FM"]
[BlackTitle "GM"]
[WhiteElo "2419"]
[BlackElo "2580"]
[WhiteFideId "774723"]
[BlackFideId "1130420"]
[EventDate "2024.11.08"]

1. e4 e5 2. Nf3 Nc6 3. Bb5 a6 4. Ba4 Nf6 5. O-O b5 6. Bb3 Bc5 7. c3 d6 8. a4 Rb8
9. d4 Bb6 10. a5 Ba7 11. h3 O-O 12. Be3 Ra8 13. Nbd2 h6 14. Re1 Re8 15. Bc2 Bb7
16. Bb1 Nb8 17. d5 c6 18. c4 Bxe3 19. Rxe3 bxc4 20. dxc6 Nxc6 21. Nxc4 d5 22.
exd5 Nd4 23. Ncxe5 Nxf3+ 24. Qxf3 Qc7 25. Qf5 Rad8 26. Ba2 Bxd5 27. Bxd5 Rxd5
28. Rae1 Rxa5 29. Kh2 Rexe5 30. Rxe5 Nd7 31. f4 Nxe5 32. Rxe5 Rxe5 33. Qxe5 Qc4
34. f5 Kh7 35. g4 Qd3 36. Kg2 Qd1 37. Kg3 Qd2 38. Kf3 a5 39. Kg3 Qd3+ 40. Kg2 a4
41. Kh2 Qf3 42. Qd4 Qb3 43. Qe5 Qc4 44. Kg3 Qc2 45. Qd4 f6 46. Kh4 Qb3 47. Qe4
Qxb2 48. Qxa4 Qf2+ 49. Kh5 Qe3 50. Kh4 h5 51. Qc4 Kh6 52. Qc7 Qe1+ 53. Qg3 Qd2
54. Qb8 Qe1+ 55. Qg3 Qe4 56. Qb8 Qe1+ 1/2-1/2

[Event "24th ch-EUR Indiv 2024"]
[Site "Petrovac MNE"]
[Date "2024.11.12"]
[Round "5.51"]
[White "Piliposyan, Robert"]
[Black "Kourkoulos-Arditis, Stamatis"]
[Result "0-1"]
[WhiteTitle "IM"]
[BlackTitle "GM"]
[WhiteElo "2418"]
[BlackElo "2575"]
[WhiteFideId "13309978"]
[BlackFideId "4221990"]
[EventDate "2024.11.08"]

1. e4 e5 2. Nf3 Nc6 3. Bb5 a6 4. Ba4 Nf6 5. Nc3 b5 6. Bb3 Bc5 7. d3 h6 8. Nd5 d6
9. c3 Rb8 10. h3 O-O 11. O-O Nxd5 12. exd5 Ne7 13. d4 exd4 14. Nxd4 Bd7 15. Qd3
Re8 16. Bd2 Ng6 17. Bc2 Qf6 18. Rae1 b4 19. Rxe8+ Rxe8 20. Re1 Rxe1+ 21. Bxe1
Nf4 22. Qh7+ Kf8 23. Nc6 Bxc6 24. dxc6 Qg5 25. Be4 d5 26. Qh8+ Ke7 27. Qc8 Qe5
28. Bd2 dxe4 29. cxb4 Bd6 30. Qd7+ Kf6 31. g3 Nd5 32. Qg4 Qf5 33. Qe2 Qf3 34.
Qe1 Be5 0-1

[Event "24th ch-EUR Indiv 2024"]
[Site "Petrovac MNE"]
[Date "2024.11.12"]
[Round "5.52"]
[White "Kadric, Denis"]
[Black "Talibov, Shiroghlan"]
[Result "0-1"]
[WhiteTitle "GM"]
[BlackTitle "FM"]
[WhiteElo "2562"]
[BlackElo "2415"]
[WhiteFideId "14403803"]
[BlackFideId "13429078"]
[EventDate "2024.11.08"]

1. e4 c5 2. Nf3 d6 3. d4 cxd4 4. Nxd4 Nf6 5. Nc3 a6 6. Bc4 e6 7. Be3 Be7 8. Bb3
b5 9. Qe2 Qc7 10. a3 Nc6 11. O-O-O Rb8 12. f3 O-O 13. g4 Nd7 14. h4 Nc5 15. Ba2
Nxd4 16. Bxd4 a5 17. b4 axb4 18. axb4 Na6 19. Nxb5 Qd7 20. Bc4 Nxb4 21. Bc5 Ba6
22. Bxd6 Bxd6 23. Rxd6 Qc8 24. Na3 Qc5 25. e5 Na2+ 26. Kd2 Qxa3 0-1

[Event "24th ch-EUR Indiv 2024"]
[Site "Petrovac MNE"]
[Date "2024.11.12"]
[Round "5.53"]
[White "Dotzer, Lukas"]
[Black "Sanal, Vahap"]
[Result "1-0"]
[WhiteTitle "FM"]
[BlackTitle "GM"]
[WhiteElo "2418"]
[BlackElo "2561"]
[WhiteFideId "1666975"]
[BlackFideId "6300545"]
[EventDate "2024.11.08"]

1. e4 Nc6 2. d4 d5 3. e5 Bf5 4. c3 e6 5. f4 f6 6. Nd2 h5 7. Ndf3 Nh6 8. Bd3 Ne7
9. Ne2 Qd7 10. O-O Bxd3 11. Qxd3 Nef5 12. b3 Be7 13. c4 c6 14. a4 h4 15. h3 Nf7
16. a5 Rd8 17. Rd1 O-O 18. Nc3 Nh8 19. cxd5 cxd5 20. a6 Rb8 21. exf6 gxf6 22.
Re1 Ng6 23. axb7 Rxb7 24. Ra6 Bd6 25. Na4 Rfb8 26. Nc5 Bxc5 27. Raxe6 Nf8 28.
Qxf5 Nxe6 29. dxc5 Nxc5 30. Qxf6 Ne4 31. Qg6+ Qg7 32. Qe6+ Qf7 33. Qg4+ Qg7 34.
Qe6+ Qf7 35. Qg4+ Qg7 36. Ng5 Re8 37. Bb2 Qxb2 38. Nxe4+ Kf8 39. Qf5+ Rf7 40.
Qxd5 Rfe7 41. Qf5+ Kg7 42. Kh2 Qxb3 43. Qf6+ Kg8 44. Qxh4 Rxe4 45. Qg5+ Kf8 46.
Rxe4 Rxe4 47. Qf5+ Qf7 48. Qxe4 a5 49. Qd4 Qf5 50. g4 Qc2+ 51. Kg3 a4 52. f5
Qb3+ 53. Kh4 a3 54. Qd8+ Kf7 55. g5 Qc4+ 56. Kh5 Qe2+ 57. Kh6 Qe3 58. Qd7+ Kf8
59. f6 1-0

[Event "24th ch-EUR Indiv 2024"]
[Site "Petrovac MNE"]
[Date "2024.11.12"]
[Round "5.54"]
[White "Yankelevich, Lev"]
[Black "Vogel, Roven"]
[Result "1/2-1/2"]
[WhiteTitle "GM"]
[BlackTitle "GM"]
[WhiteElo "2417"]
[BlackElo "2558"]
[WhiteFideId "24684074"]
[BlackFideId "12908088"]
[EventDate "2024.11.08"]

1. d4 Nf6 2. Nf3 d5 3. c4 e6 4. Nc3 Bb4 5. Bg5 h6 6. Bxf6 Qxf6 7. e3 O-O 8. Rc1
c6 9. Qb3 Qe7 10. Be2 Nd7 11. O-O Bd6 12. Rfd1 b6 13. Re1 Bb7 14. cxd5 exd5 15.
e4 dxe4 16. Bd3 Qd8 1/2-1/2

[Event "24th ch-EUR Indiv 2024"]
[Site "Petrovac MNE"]
[Date "2024.11.12"]
[Round "5.55"]
[White "Socko, Bartosz"]
[Black "Zemach, Nadav"]
[Result "1-0"]
[WhiteTitle "GM"]
[BlackTitle "IM"]
[WhiteElo "2554"]
[BlackElo "2414"]
[WhiteFideId "1107038"]
[BlackFideId "2820927"]
[EventDate "2024.11.08"]

1. e4 e5 2. Nf3 Nc6 3. Bb5 a6 4. Ba4 Nf6 5. O-O Be7 6. d3 b5 7. Bb3 d6 8. a3 O-O
9. Nc3 Na5 10. Ba2 Be6 11. Bg5 Bxa2 12. Rxa2 Ng4 13. Bxe7 Qxe7 14. a4 c6 15.
axb5 axb5 16. Qa1 Qd8 17. b4 Nb7 18. Rxa8 Qxa8 19. d4 Qd8 20. Qa7 exd4 21. Nxb5
cxb5 22. Qxb7 Qe8 23. Rd1 h6 24. h3 Nf6 25. Rxd4 Qc8 26. Qxc8 Rxc8 27. Rxd6 Nxe4
28. Rd4 f5 29. Ne1 Nc3 30. Kf1 Kf7 31. Nd3 Ra8 32. Ke1 Ra1+ 33. Kd2 Ne4+ 34. Ke3
Ra2 35. Rd7+ Kf6 36. Rc7 g5 37. Rc6+ Ke7 38. Kd4 Nd6 39. Ne5 Rb2 40. Kd5 Ne4 41.
Nd3 Ra2 42. g4 Ra8 43. gxf5 Nf6+ 44. Kc5 h5 45. Re6+ Kf7 46. Ne5+ Kg7 47. Kxb5
Ra2 48. Rc6 Ne4 49. f3 1-0

[Event "24th ch-EUR Indiv 2024"]
[Site "Petrovac MNE"]
[Date "2024.11.12"]
[Round "5.56"]
[White "Petkov, Momchil"]
[Black "Tutisani, Noe"]
[Result "1-0"]
[WhiteTitle "GM"]
[BlackTitle "IM"]
[WhiteElo "2549"]
[BlackElo "2411"]
[WhiteFideId "2921642"]
[BlackFideId "13602853"]
[EventDate "2024.11.08"]

1. e4 e5 2. Bc4 Nf6 3. d3 Nc6 4. Nc3 Bc5 5. f4 O-O 6. Nf3 exf4 7. Bxf4 d5 8.
Bxd5 Nd4 9. Qd2 Bg4 10. Nxd4 Bxd4 11. Bb3 Bh5 12. h3 Re8 13. Be3 a5 14. Bxd4
Qxd4 15. Qf2 Qd7 16. a4 c6 17. O-O Rad8 18. Qc5 Qd4+ 19. Qxd4 Rxd4 20. Rf5 b6
21. Raf1 Bg6 22. Rg5 Re7 23. Ne2 Rb4 24. Nf4 Nd7 25. Rxg6 hxg6 26. Nxg6 Re6 27.
Bxe6 fxe6 28. b3 1-0

[Event "24th ch-EUR Indiv 2024"]
[Site "Petrovac MNE"]
[Date "2024.11.12"]
[Round "5.57"]
[White "Prokofiev, Valentyn"]
[Black "Paichadze, Luka"]
[Result "1/2-1/2"]
[WhiteTitle "FM"]
[BlackTitle "GM"]
[WhiteElo "2411"]
[BlackElo "2546"]
[WhiteFideId "14160161"]
[BlackFideId "13602934"]
[EventDate "2024.11.08"]

1. d4 Nf6 2. c4 e6 3. Nc3 Bb4 4. e3 O-O 5. Bd2 d5 6. Nf3 Nbd7 7. Rc1 c6 8. Bd3
dxc4 9. Bxc4 Qe7 10. Ne2 Ne4 11. Bxb4 Qxb4+ 12. Nd2 e5 13. a3 Qxd2+ 14. Qxd2
Nxd2 15. Kxd2 Rd8 16. Kc3 Nf6 17. f3 Nd5+ 18. Bxd5 Rxd5 19. e4 exd4+ 20. Nxd4
Rc5+ 21. Kd2 Rxc1 22. Rxc1 Bd7 23. Ke3 Kf8 24. g4 g6 25. Kf4 Ke7 26. Rd1 a5 27.
h4 h6 28. Nb3 b6 29. Nd4 Rg8 30. Ke3 Rc8 31. Ne2 b5 32. Rc1 c5 33. Nf4 Be6 34.
Nxe6 fxe6 35. f4 c4 36. Kd4 Rf8 37. Ke5 a4 38. Rc2 Rd8 39. f5 gxf5 40. gxf5 exf5
41. exf5 Rd3 42. Rg2 Kf7 43. Rf2 c3 44. bxc3 Rxc3 45. Rb2 Rc5+ 46. Kd6 Rxf5 47.
Kc6 Rf3 48. Rg2 Rf4 49. Rh2 b4 50. axb4 Rxb4 51. Kc5 Rb8 52. h5 a3 53. Rf2+ Ke6
54. Kc4 Ke5 55. Kc3 Ke4 56. Ra2 Ra8 57. Kc2 Kf4 58. Kb1 Kg4 59. Rh2 Rb8+ 60. Ka1
Rb3 61. Rh1 Rh3 62. Rb1 Kxh5 63. Rb5+ Kg4 64. Rb4+ Kf5 65. Rb5+ Ke4 66. Rb4+ Kd5
67. Rb6 h5 68. Ka2 h4 69. Rb4 Ke5 70. Rg4 Kf5 71. Rc4 Rh1 72. Rd4 Kg5 73. Rd5+
Kf4 74. Rd4+ Kf3 75. Rc4 Ke3 76. Rg4 Rh2+ 77. Ka1 Kf2 78. Rc4 Kg3 79. Rc3+ Kg4
80. Rc4+ Kg5 81. Rc5+ Kf4 82. Rc4+ Ke5 83. Rg4 Kf5 84. Rc4 Kg5 85. Rc5+ Kf4 86.
Rc4+ Kf5 87. Rd4 Kg5 88. Rd5+ Kf4 89. Rd4+ Kf3 90. Rc4 Ke3 91. Rg4 h3 92. Rg3+
Kf2 93. Rc3 Ke1 94. Rg3 Rh1 95. Ka2 Kd2 96. Rf3 Ke2 97. Rc3 Kf2 98. Rc2+ Ke3 99.
Rc3+ Kf4 100. Rc4+ Ke5 101. Rc3 Rh2+ 102. Ka1 Kf4 103. Rc4+ Ke3 104. Rc3+ Kd2
105. Rg3 Ke2 106. Rc3 Rh1+ 107. Ka2 h2 108. Rh3 Rf1 109. Rxh2+ Rf2 110. Rxf2+
Kxf2 111. Kxa3 1/2-1/2

[Event "24th ch-EUR Indiv 2024"]
[Site "Petrovac MNE"]
[Date "2024.11.12"]
[Round "5.58"]
[White "Kovalev, Vladislav"]
[Black "Ahmad, Khagan"]
[Result "1-0"]
[WhiteTitle "GM"]
[BlackTitle "IM"]
[WhiteElo "2539"]
[BlackElo "2406"]
[WhiteFideId "13504398"]
[BlackFideId "13431552"]
[EventDate "2024.11.08"]

1. d4 Nf6 2. Nf3 d5 3. Bf4 c5 4. e3 Nc6 5. c3 Qb6 6. Qc2 Bg4 7. Nbd2 e6 8. Nh4
Be7 9. h3 Bh5 10. g4 Bg6 11. Nxg6 hxg6 12. Be2 Qd8 13. Qb3 Qd7 14. h4 Bd6 15. g5
Bxf4 16. gxf6 Bh6 17. fxg7 Bxg7 18. dxc5 Qe7 19. Qb5 O-O-O 20. Nf3 Bf6 21. a4
Qc7 22. a5 a6 23. Qb6 Nb8 24. Qxc7+ Kxc7 25. Kd2 e5 26. Ng5 Rd7 27. Rag1 Nc6 28.
b4 d4 29. Ne4 dxe3+ 30. Kxe3 Bxh4 31. Bc4 f5 32. Nd6 e4 33. Be6 Re7 34. Bd5 Ne5
35. Bxb7 Nd3 36. Rxh4 Rxh4 37. Bxa6 f4+ 38. Kd4 f3 39. Bxd3 exd3+ 40. Kxd3 Rh2
41. Rxg6 Rxf2 42. Nb5+ Kd8 43. c6 Re8 44. Rg7 1-0

[Event "24th ch-EUR Indiv 2024"]
[Site "Petrovac MNE"]
[Date "2024.11.12"]
[Round "5.59"]
[White "Magold, Filip"]
[Black "Subelj, Jan"]
[Result "1-0"]
[WhiteTitle "FM"]
[BlackTitle "GM"]
[WhiteElo "2405"]
[BlackElo "2535"]
[WhiteFideId "1254456"]
[BlackFideId "14618583"]
[EventDate "2024.11.08"]

1. Nf3 Nf6 2. c4 e6 3. Nc3 d5 4. e3 Bd6 5. b3 b6 6. Bb2 O-O 7. d4 Bb7 8. Bd3
Nbd7 9. cxd5 exd5 10. O-O a6 11. Ne2 Qe7 12. Ng3 g6 13. Rc1 Ne4 14. Qe2 h5 15.
Rfd1 h4 16. Nf1 f5 17. Rc2 g5 18. Rdc1 Rf7 19. Rxc7 Bxc7 20. Rxc7 g4 21. Ne5 Qd8
22. Nxf7 Qxc7 23. Nh6+ Kh8 24. Bxe4 dxe4 25. Nxf5 Rg8 26. Nh6 Rg6 27. Nxg4 Bd5
28. h3 b5 29. f4 Kg8 30. Qf2 Qd8 31. Ba3 a5 32. Bc5 Nxc5 33. dxc5 Rc6 34. Qb2
Rxc5 35. Nf6+ Kf7 36. Qd4 Rc6 37. Nxe4 Qd7 38. Ng5+ Kg8 39. e4 Be6 40. Qe5 Bf7
41. Qxb5 Qa7+ 42. Kh2 Rc1 43. Qe2 Bg6 44. Ne3 Rc3 45. Nd5 Rc1 46. Nf3 Bf7 47.
Nf6+ Kf8 48. e5 Be6 49. Qd2 Rf1 50. Qd8+ Kg7 51. Nh5+ Kh7 52. Qd3+ 1-0

[Event "24th ch-EUR Indiv 2024"]
[Site "Petrovac MNE"]
[Date "2024.11.12"]
[Round "5.60"]
[White "Quparadze, Giga"]
[Black "Neverov, Valeriy"]
[Result "1/2-1/2"]
[WhiteTitle "GM"]
[BlackTitle "GM"]
[WhiteElo "2533"]
[BlackElo "2401"]
[WhiteFideId "13602250"]
[BlackFideId "14100150"]
[EventDate "2024.11.08"]

1. e4 c5 2. Nf3 d6 3. d4 cxd4 4. Nxd4 Nf6 5. Nc3 a6 6. h3 e6 7. g4 Be7 8. g5
Nfd7 9. Be3 b5 10. a3 Bb7 11. f4 Nc6 12. Nxc6 Bxc6 13. Qd4 e5 14. Qd2 exf4 15.
Bxf4 Nc5 16. O-O-O Nxe4 17. Nxe4 Bxe4 18. Bg2 Bxg2 19. Qxg2 O-O 20. h4 Rc8 21.
Kb1 Rc4 22. Qd2 d5 23. Be5 f6 24. Bf4 Re4 25. Be3 f5 26. Bf2 Qd7 27. Qxd5+ Qxd5
28. Rxd5 h6 29. gxh6 gxh6 30. Rh3 Rf4 31. Rd2 Kf7 32. Ka2 Rd8 33. Re2 Bf6 34. h5
Re4 35. Rxe4 fxe4 36. Be3 Bg5 37. Kb3 Kf6 38. Bb6 Rd6 39. Bc5 Rd5 40. Bb6 Kf5
41. c4 bxc4+ 42. Kxc4 Rd1 43. b4 Kg4 44. Rb3 Re1 45. Kd4 e3 46. Ke4 e2 47. Rb2
Bc1 48. Ra2 Bxa3 49. Bf2 Rf1 50. Rxe2 Bxb4 51. Be3 Kxh5 52. Rh2+ 1/2-1/2